| 000 | 00515 a2200157 4500 | ||
|---|---|---|---|
| 999 |
_c4424 _d4424 |
||
| 020 | _a9780631133858 | ||
| 050 | _aP 40.158 FAS 1990 | ||
| 100 |
_aFasold, Ralph _eauthor |
||
| 245 |
_aThe sociolinguistics of society : _bintroduction to sociolinguistics of society / _cRalph Fasold |
||
| 264 |
_aNew York: _bB. Blackwell, _c1990 |
||
| 300 |
_axiii, 341p. : _bill. ; |
||
| 440 | _aLanguage in society (Oxford, England), 5 | ||
| 500 | _aIncludes index | ||
| 650 | _aSociolinguistics | ||
| 942 |
_2lcc _cBK _h40.158 _iFAS _kP |
||